000
00396nam a2200133Ia 4500
008
100328s9999 xx 000 0 und d
082
_b
30355
100
_a
गांधी मो. क.
245
_a
गीता-विचार (2)
260
_b
गांाी वाङेमय
630
_a
गीता-विचार (2)
730
_a
गीता-विचार (2)
942
_c
BOOK
999
_c
521329
_d
521326